Pharmaceutical Chemistry (Record no. 5929)

MARC details
000 -LEADER
fixed length control field 01069cam a22003614a 4500
001 - CONTROL NUMBER
control field 16086015
003 - CONTROL NUMBER IDENTIFIER
control field OSt
005 - DATE AND TIME OF LATEST TRANSACTION
control field 20260218020003.0
008 - FIXED-LENGTH DATA ELEMENTS--GENERAL INFORMATION
fixed length control field 100204s2011 stka b 001 0 eng
010 ## - LIBRARY OF CONGRESS CONTROL NUMBER
LC control number 2010005022
015 ## - NATIONAL BIBLIOGRAPHY NUMBER
National bibliography number GBB099734
Source bnb
016 7# - NATIONAL BIBLIOGRAPHIC AGENCY CONTROL NUMBER
Record control number 101524087
Source DNLM
016 7# - NATIONAL BIBLIOGRAPHIC AGENCY CONTROL NUMBER
Record control number 015630990
Source Uk
020 ## - INTERNATIONAL STANDARD BOOK NUMBER
International Standard Book Number 9780443072321
020 ## - INTERNATIONAL STANDARD BOOK NUMBER
International Standard Book Number 0443072329
020 ## - INTERNATIONAL STANDARD BOOK NUMBER
International Standard Book Number 9780443072338 (international)
020 ## - INTERNATIONAL STANDARD BOOK NUMBER
International Standard Book Number 0443072337 (international)
035 ## - SYSTEM CONTROL NUMBER
System control number (OCoLC)ocn506151482
040 ## - CATALOGING SOURCE
Original cataloging agency DNLM/DLC
Transcribing agency DLC
Modifying agency YDX
-- NLM
-- UKM
-- YDXCP
-- DLC
042 ## - AUTHENTICATION CODE
Authentication code pcc
050 00 - LIBRARY OF CONGRESS CALL NUMBER
Classification number RS403
Item number .P47 2011
060 00 - NATIONAL LIBRARY OF MEDICINE CALL NUMBER
Classification number 2011 D-399
082 ## - DEWEY DECIMAL CLASSIFICATION NUMBER
Classification number QV 744
Item number P494w 2011
100 ## - MAIN ENTRY--PERSONAL NAME
Personal name Edited by David G. Watson.
9 (RLIN) 12690
245 00 - TITLE STATEMENT
Title Pharmaceutical Chemistry
260 ## - PUBLICATION, DISTRIBUTION, ETC. (IMPRINT)
Place of publication, distribution, etc. Edinburgh :
Name of publisher, distributor, etc. Churchill Livingstone,
Date of publication, distribution, etc. 2011.
300 ## - PHYSICAL DESCRIPTION
Extent ix, 641 p. :
Other physical details ill. ;
Dimensions 25 cm.
504 ## - BIBLIOGRAPHY, ETC. NOTE
Bibliography, etc Includes bibliographical references and index.
650 ## - SUBJECT ADDED ENTRY--TOPICAL TERM
Topical term or geographic name as entry element Pharmaceutical chemistry
9 (RLIN) 283
650 ## - SUBJECT ADDED ENTRY--TOPICAL TERM
Topical term or geographic name as entry element Pharmacy
9 (RLIN) 12691
906 ## - LOCAL DATA ELEMENT F, LDF (RLIN)
a 7
b cbc
c orignew
d 1
e ecip
f 20
g y-gencatlg
942 ## - ADDED ENTRY ELEMENTS (KOHA)
Source of classification or shelving scheme Other/Generic Classification Scheme
Koha item type Short Loan
Koha issues (borrowed), all copies 1
Holdings
Withdrawn status Lost status Source of classification or shelving scheme Damaged status Not for loan Home library Current library Date acquired Inventory number Total Checkouts Full call number Barcode Date last seen Koha item type Source of acquisition Checked out Date last checked out
    Other/Generic Classification Scheme     MUST Main Library MUST Main Library 14/12/2017 17/40371   QV744 P494w 2012 2017-0999 14/12/2017 Short Loan      
    Other/Generic Classification Scheme     MUST Main Library MUST Main Library 21/08/2019 19/40788   QV 744 P494w 2012 2019-0208 21/08/2019 Short Loan Purchase    
    Other/Generic Classification Scheme     MUST Main Library MUST Main Library 21/08/2019 19/40789 6 QV 744 P494w 2012 2019-0209 17/02/2026 Book Bank Purchase 30/04/2026 17/02/2026
    Other/Generic Classification Scheme     MUST Main Library MUST Main Library 21/08/2019 19/40790 1 QV 744 P494w 2012 2019-0210 17/08/2022 Open Shelf Purchase   03/08/2022